| 000 | 00925nam a22002297a 4500 | ||
|---|---|---|---|
| 999 |
_c5248 _d5248 |
||
| 003 | AR-CdUCM | ||
| 008 | 190312b ||||| |||| 00| 0 spa d | ||
| 040 |
_aMUNICIPALIDAD PROVINCIAL DEL CUSCO _cBIBLIOTECA MUNICIPAL DEL CUSCO |
||
| 082 |
_a100 / _bB61 |
||
| 100 |
_aBlay Fontcuberta, Antonio _915896 |
||
| 245 |
_aLa Personalidad Creadora : _bTécnicas Psicológicas y Liberación Interior / |
||
| 260 |
_aBarcelona : _bDharma ; _c1963. |
||
| 300 |
_a630 páginas ; _c19cm |
||
| 505 | _aContenido: La personalidad, concepto y estructura -- Los impulsos básicos -- La estructura y funcionamiento fisiológico, condicionantes de la personalidad -- Importancia de la vida afectiva en las motivaciones de la conducta... | ||
| 650 |
_aConducta _95062 |
||
| 650 |
_aPsicología _91538 |
||
| 650 |
_aLa mente _915897 |
||
| 650 |
_aMotivaciones _915898 |
||
| 650 |
_aPersonalidad _9925 |
||
| 942 |
_2ddc _cLIBROS |
||
| 945 | _anom | ||